| 000 | 01197nam a2200289 i 4500 | ||
|---|---|---|---|
| 001 | bg | ||
| 003 | KOSZ 005 | ||
| 005 | 20191028133501.0 | ||
| 008 | 081016s1960 pl a f 001 0 pol | ||
| 015 | _aPB 1960/7546 | ||
| 040 |
_aWA N _cKOSZ 005/RW _dKOSZ 005/RW _dKOSZ 005/HR |
||
| 046 | _k1960 | ||
| 080 | _a621.313 | ||
| 100 | 1 |
_aGogolewski, Zygmunt _d(1896-1969). _eAutor |
|
| 245 | 1 | 0 |
_aMaszyny prądu stałego : _bobliczenia, konstrukcja, zagadnienia specjalne / _cZygmunt Gogolewski, Wiesław Gabryś. |
| 260 |
_aWarszawa : _bPaństwowe Wydawnictwa Techniczne, _c1960. |
||
| 300 |
_a624 s., [1] k. tabl. : _bil. ; _c25 cm. |
||
| 380 | _aKsiążki. | ||
| 504 | _aBibliogr. przy rozdz. Indeks. | ||
| 521 | 8 | _aDla pracowników przemysłowych biur projektowych i zakładów naprawczych, dla użytkowników maszyn i studentów wyższych szkół technicznych. | |
| 658 | _aInżynieria i technika | ||
| 650 | 4 | _aMaszyny elektryczne | |
| 700 | 1 |
_aGabryś, Wiesław. _eAutor |
|
| 710 | 2 |
_aPaństwowe Wydawnictwa Techniczne _4pbl. |
|
| 856 |
_uhttp://koha.tu.koszalin.pl/cgi-bin/koha/opac-detail.pl?biblionumber=10805 _yKatalog online BPK |
||
| 942 |
_2UKD _cKS |
||
| 999 |
_c10805 _d10805 |
||